000 01001nam a2200265Ia 4500
003 OSt
005 20221005111327.0
006 a|||||r|||| 00| 0
007 ta
008 221004b |||||||| |||| 00| 0 hin d
020 _a9789350725597 (hbk)
_c395
024 _a12369
037 _b343, 20/03/2014, Vani Prakashan
_cTextual
040 _aCRL
_cCRL
_bhin
041 _2hin
_ahin
082 _aO152,6N41x, Q3
100 _aपाण्डेय, मैनेजर
245 0 _aभारतीय समाज में प्रतिरोध की परम्परा
246 _aBhāratīya samāj mean pratirodh kī paramparā
260 _aनई दिल्ली
_bवाणी प्रकाशन भारत
_c2013
300 _a238पृ0
_ccm.
650 _aहिन्दी साहित्य
942 _hO152,6N41x, Q3
_cTEXL
_2cc
999 _c1021505
_d1021505